Political Economy Aspects of Trade and Financial Liberalization : Implications for Sequencing /

This paper integrates a two-period overlapping generations model with a standard two-sector Hecksher-Ohlin trade model and analyzes the impact of uncertainty on domestic investment in the exportable and importable sectors, the political economy linkages between trade and financial liberalization, an...

Descripció completa

Dades bibliogràfiques
Autor principal: Bhattacharya, Rina
Format: Revista
Idioma:English
Publicat: Washington, D.C. : International Monetary Fund, 1999.
Col·lecció:IMF Working Papers; Working Paper ; No. 1999/159
Accés en línia:Full text available on IMF
LEADER 01828cas a2200241 a 4500
001 AALejournalIMF001078
008 230101c9999 xx r poo 0 0eng d
020 |c 5.00 USD 
020 |z 9781451857658 
022 |a 1018-5941 
040 |a BD-DhAAL  |c BD-DhAAL 
100 1 |a Bhattacharya, Rina. 
245 1 0 |a Political Economy Aspects of Trade and Financial Liberalization :   |b Implications for Sequencing /  |c Rina Bhattacharya. 
264 1 |a Washington, D.C. :  |b International Monetary Fund,  |c 1999. 
300 |a 1 online resource (24 pages) 
490 1 |a IMF Working Papers 
500 |a <strong>Off-Campus Access:</strong> No User ID or Password Required 
500 |a <strong>On-Campus Access:</strong> No User ID or Password Required 
506 |a Electronic access restricted to authorized BRAC University faculty, staff and students 
520 3 |a This paper integrates a two-period overlapping generations model with a standard two-sector Hecksher-Ohlin trade model and analyzes the impact of uncertainty on domestic investment in the exportable and importable sectors, the political economy linkages between trade and financial liberalization, and the implications for sequencing. Under certain assumptions financial liberalization leads to a movement of resources in the opposite direction to that implied by trade liberalization, thus defeating one of the objectives of tariff reform. When political economy linkages are taken into account, however, the indirect effects of financial liberalization may offset the direct effects and encourage a movement of resources in the desired direction. 
538 |a Mode of access: Internet 
830 0 |a IMF Working Papers; Working Paper ;  |v No. 1999/159 
856 4 0 |z Full text available on IMF  |u http://elibrary.imf.org/view/journals/001/1999/159/001.1999.issue-159-en.xml  |z IMF e-Library